[Event "Online Olym Top DivA 2021"]
[Site "chess.com INT"]
[Date "2021.09.09"]
[Round "6.1"]
[Board "3"]
[White "Abdumalik, Zhansaya"]
[Black "Avramidou, Anastasia"]
[Result "1-0"]
[WhiteTitle "GM"]
[BlackTitle "FM"]
[WhiteElo "2502"]
[BlackElo "2225"]
[WhiteTeam "Kazakhstan"]
[BlackTeam "Greece"]
[WhiteFideId "13703544"]
[BlackFideId "4239873"]
[EventDate "2021.09.08"]
[EventType "team"]

1. e4 e6 2. d4 d5 3. Nc3 Bb4 4. e5 c5 5. a3 Bxc3+ 6. bxc3 Qa5 7. Bd2 Qa4 8. Qg4
Kf8 9. Qd1 Ne7 10. Nf3 Nbc6 11. h4 b6 12. h5 h6 13. Rh4 c4 14. Rf4 Ke8 15. g3
Bd7 16. Bh3 Rf8 17. Nh4 Kd8 18. Ng6 Nxg6 19. hxg6 Ke7 20. gxf7 Rxf7 21. Rxf7+
Kxf7 22. Qh5+ Kf8 23. Kd1 Ne7 24. Bxh6 gxh6 25. Qxh6+ Kg8 26. Qg5+ Kf7 27. Qf6+
Ke8 28. Qh8+ Kf7 29. Qxa8 Bc8 30. Qb8 Qe8 31. Qxa7 Qh8 32. Bf1 Qh5+ 33. Kc1 Qf5
34. Kb2 Qf3 35. Qxb6 Bd7 36. a4 Nc8 37. Qb7 Ke8 38. Bxc4 Qxf2 39. Bb5 1-0

[Event "Online Olym Top DivA 2021"]
[Site "chess.com INT"]
[Date "2021.09.09"]
[Round "6.1"]
[Board "4"]
[White "Botsari, Anna-Maria"]
[Black "Nakhbayeva, Guliskhan"]
[Result "0-1"]
[WhiteTitle "WGM"]
[BlackTitle "IM"]
[WhiteElo "2222"]
[BlackElo "2333"]
[WhiteTeam "Greece"]
[BlackTeam "Kazakhstan"]
[WhiteFideId "4200446"]
[BlackFideId "13704788"]
[EventDate "2021.09.08"]
[EventType "team"]

1. d4 Nf6 2. c4 e6 3. g3 d5 4. Nf3 dxc4 5. Qa4+ Nbd7 6. Qxc4 a6 7. Bg2 b5 8. Qc6
Rb8 9. Bf4 Bb7 10. Qxc7 Qxc7 11. Bxc7 Rc8 12. Bf4 Bb4+ 13. Nbd2 Rc2 14. a3 Bxd2+
15. Bxd2 Rxb2 16. Bb4 Nd5 17. Bd6 Nc3 18. Rc1 Rxe2+ 19. Kf1 Rxf2+ 20. Kxf2 Ne4+
21. Ke2 Nxd6 22. Rc7 f6 23. Nh4 Bxg2 24. Nxg2 Ke7 25. Nf4 g5 26. Nd3 Nf5 27. Nc5
Rd8 28. Kd3 Kd6 29. Rxd7+ Rxd7 30. Nxd7 Kxd7 31. Rf1 Ke7 32. d5 Nd6 33. Kd4 e5+
34. Kc5 f5 35. Kc6 e4 36. h4 gxh4 37. gxh4 e3 38. Kc5 f4 39. Kd4 Nf5+ 40. Ke5 e2
41. Rc1 f3 42. d6+ Nxd6 43. Rc7+ Kd8 44. Kxd6 e1=Q 0-1

[Event "Online Olym Top DivA 2021"]
[Site "chess.com INT"]
[Date "2021.09.09"]
[Round "6.1"]
[Board "5"]
[White "Nogerbek, Kazybek"]
[Black "Mitsis, Georgios"]
[Result "1-0"]
[WhiteTitle "FM"]
[WhiteElo "2356"]
[BlackElo "2355"]
[WhiteTeam "Kazakhstan"]
[BlackTeam "Greece"]
[WhiteFideId "13710427"]
[BlackFideId "4295676"]
[EventDate "2021.09.08"]
[EventType "team"]

1. d4 Nf6 2. c4 e6 3. Nf3 d5 4. g3 Be7 5. Bg2 O-O 6. Nc3 c6 7. O-O b6 8. Nd2 Ba6
9. b3 b5 10. Bb2 Nbd7 11. c5 b4 12. Ncb1 Bb5 13. a4 Ba6 14. Nf3 Ne4 15. Re1 f5
16. Nbd2 Bf6 17. Rc1 Qc7 18. Ba1 Rae8 19. e3 e5 20. Qc2 g5 21. dxe5 Nxe5 22.
Nxe5 Bxe5 23. Nf3 Bxa1 24. Rxa1 Bc8 25. a5 Qe7 26. Rec1 Bd7 27. Ra4 Rb8 28. Nd4
Nc3 29. Rxb4 Rxb4 30. Qxc3 Rbb8 31. b4 Qf6 32. b5 cxb5 33. c6 Be6 34. c7 Rbc8
35. Qc6 Rfe8 36. Nxe6 Rxe6 37. Bxd5 Kf7 38. Qd7+ Qe7 39. Bxe6+ 1-0

[Event "Online Olym Top DivA 2021"]
[Site "chess.com INT"]
[Date "2021.09.09"]
[Round "6.1"]
[Board "6"]
[White "Tsivelekidou, Evgenia"]
[Black "Assaubayeva, Bibisara"]
[Result "0-1"]
[BlackTitle "IM"]
[WhiteElo "1972"]
[BlackElo "2400"]
[WhiteTeam "Greece"]
[BlackTeam "Kazakhstan"]
[WhiteFideId "4274830"]
[BlackFideId "13708694"]
[EventDate "2021.09.08"]
[EventType "team"]

1. d4 Nf6 2. c4 g6 3. Nc3 Bg7 4. Nf3 O-O 5. Bf4 d6 6. e3 b6 7. Be2 Bb7 8. Qc2
Nbd7 9. O-O Nh5 10. Bg5 h6 11. Bh4 g5 12. Nd2 Nf4 13. exf4 gxh4 14. d5 e6 15.
Bf3 Rb8 16. Rfe1 Qf6 17. g3 Nc5 18. Rab1 a6 19. Nde4 Nxe4 20. Bxe4 e5 21. fxe5
dxe5 22. Nd1 Bc8 23. Ne3 h5 24. gxh4 Bh6 25. Kh1 Kh8 26. Rg1 Qxh4 27. Nf5 Bxf5
28. Bxf5 Rg8 29. Rxg8+ Rxg8 30. Rg1 Rxg1+ 31. Kxg1 Qg5+ 32. Kf1 Kg7 33. Qe4 Qc1+
34. Kg2 Qxb2 35. Qf3 Qxa2 36. Bd3 Qd2 37. h4 Qf4 38. Qh3 e4 39. Be2 Kg6 40. Qd7
e3 41. Qc6+ Kg7 42. fxe3 Qxe3 43. Bf3 Qd2+ 44. Kh3 Qf4 45. Kg2 a5 46. Qd7 Qxc4
47. Bxh5 Qf4 48. Bg4 a4 49. Bh5 a3 50. Qh3 a2 51. Qc3+ Qf6 52. Qg3+ Kh8 53. Qxc7
a1=Q 54. Qc8+ Kh7 55. Qc2+ Kg7 0-1

[Event "Online Olym Top DivA 2021"]
[Site "chess.com INT"]
[Date "2021.09.09"]
[Round "6.2"]
[Board "1"]
[White "Maghsoodloo, Parham"]
[Black "Ding, Liren"]
[Result "1/2-1/2"]
[WhiteTitle "GM"]
[BlackTitle "GM"]
[WhiteElo "2695"]
[BlackElo "2799"]
[WhiteTeam "Iran"]
[BlackTeam "China"]
[WhiteFideId "12539929"]
[BlackFideId "8603677"]
[EventDate "2021.09.08"]
[EventType "team"]

1. e4 e5 2. Nf3 Nc6 3. Bb5 a6 4. Ba4 Nf6 5. O-O Be7 6. Re1 b5 7. Bb3 O-O 8. h3
Bb7 9. d3 d5 10. exd5 Nxd5 11. Nxe5 Nxe5 12. Rxe5 Qd6 13. Re1 Rae8 14. Nd2 c5
15. Ne4 Qc6 16. c4 Nb6 17. f3 Bh4 18. Re2 bxc4 19. dxc4 f5 20. Nc3 Rxe2 21. Nxe2
Rd8 22. Qf1 a5 23. a4 Bf6 24. Bf4 g5 25. Bg3 f4 26. Bf2 Rd2 27. Rd1 Rxb2 28. Rb1
Rxb1 29. Qxb1 Ba6 30. h4 Bxc4 31. hxg5 Bxg5 32. Qf5 h6 33. Bc2 Nd5 34. Be4 Qd6
35. Qc8+ Kf7 36. Bxc5 Ne7 37. Bxd6 Nxc8 38. Bc7 Bxe2 39. Bxa5 Bd1 40. Bc6 Ne7
41. Bb5 Nd5 42. Bd2 Ke6 43. a5 Ke5 44. Kh2 Be7 45. Bc6 Bb3 46. a6 Bc5 47. g3 Ne3
48. Bc3+ Kd6 49. Bb5 Bd5 50. Be2 fxg3+ 51. Kxg3 Ke6 52. Bd3 Kf7 53. Kf4 Bc4 54.
Bxc4+ Nxc4 55. Ke4 Ke6 56. Bd4 Nd6+ 57. Kd3 Bxd4 58. Kxd4 Kd7 59. Ke5 Kc6 60. a7
Nf7+ 61. Kf6 Kb7 62. Kg6 Kxa7 63. f4 Nd6 64. f5 Nxf5 65. Kxf5 h5 66. Kg5 h4 67.
Kxh4 1/2-1/2

[Event "Online Olym Top DivA 2021"]
[Site "chess.com INT"]
[Date "2021.09.09"]
[Round "6.2"]
[Board "3"]
[White "Khademalsharieh, Sarasadat"]
[Black "Hou, Yifan"]
[Result "1/2-1/2"]
[WhiteTitle "IM"]
[BlackTitle "GM"]
[WhiteElo "2490"]
[BlackElo "2658"]
[WhiteTeam "Iran"]
[BlackTeam "China"]
[WhiteFideId "12512214"]
[BlackFideId "8602980"]
[EventDate "2021.09.08"]
[EventType "team"]

1. d4 Nf6 2. c4 e6 3. Nc3 d5 4. cxd5 exd5 5. Bg5 c6 6. e3 Bf5 7. Qf3 Bg6 8. Bxf6
Qxf6 9. Qxf6 gxf6 10. h4 h5 11. Nh3 Bd6 12. g3 Nd7 13. Nf4 f5 14. Bd3 Nf6 15. f3
Ke7 16. Kf2 Rhe8 17. Rhc1 Nd7 18. b4 a6 19. a4 Nb6 20. b5 axb5 21. axb5 Rxa1 22.
Rxa1 Ra8 23. Rb1 Ra3 24. bxc6 Rxc3 25. Rxb6 bxc6 26. Ke2 Bc7 27. Rb7 Kd7 28. Ra7
Rb3 29. Ra8 Rb2+ 30. Kf1 Rb3 31. Ke2 Rb2+ 32. Ke1 Bxf4 33. gxf4 Rh2 34. Kf1 Rd2
35. Be2 Rb2 36. Kf2 Rb3 37. Ra6 Rb2 38. Ra1 Kd6 39. Rc1 Kd7 40. Ke1 Kd6 41. Rc3
Ra2 42. Rd3 Ra1+ 43. Kf2 Ra2 44. Ke1 Ra1+ 45. Rd1 Rxd1+ 46. Kxd1 c5 47. dxc5+
Kxc5 48. Bd3 d4 49. e4 fxe4 50. fxe4 f6 51. Kd2 Bf7 52. Be2 Be8 53. Bf3 Bf7 54.
Bg2 Be8 55. Bh3 Bf7 56. Bf5 Kc4 57. Bh7 d3 58. e5 fxe5 59. fxe5 Kd4 60. Bxd3
Kxe5 61. Ke3 1/2-1/2

[Event "Online Olym Top DivA 2021"]
[Site "chess.com INT"]
[Date "2021.09.09"]
[Round "6.2"]
[Board "4"]
[White "Ju, Wenjun"]
[Black "Alinasab, Mobina"]
[Result "1-0"]
[WhiteTitle "GM"]
[BlackTitle "WIM"]
[WhiteElo "2560"]
[BlackElo "2309"]
[WhiteTeam "China"]
[BlackTeam "Iran"]
[WhiteFideId "8603006"]
[BlackFideId "12528897"]
[EventDate "2021.09.08"]
[EventType "team"]

1. d4 d5 2. c4 e6 3. Nf3 Nf6 4. g3 dxc4 5. Bg2 a6 6. O-O b5 7. Ne5 c6 8. b3 cxb3
9. Nxc6 Qb6 10. Na5 Ra7 11. Nxb3 Rc7 12. e4 Bb7 13. d5 e5 14. Be3 Qd6 15. a4 b4
16. N1d2 Rc3 17. Rc1 Qc7 18. Nb1 Rxc1 19. Qxc1 Qd8 20. N1d2 Be7 21. Nc4 O-O 22.
Nxe5 Bd6 23. Nc4 Re8 24. Nba5 Ba8 25. Nxd6 Qxd6 26. Nc4 Qd8 27. Qb1 a5 28. Bb6
Qc8 29. Nd6 1-0

[Event "Online Olym Top DivA 2021"]
[Site "chess.com INT"]
[Date "2021.09.09"]
[Round "6.2"]
[Board "5"]
[White "Tabatabaei, M. Amin"]
[Black "Xu, Zhihang"]
[Result "1-0"]
[WhiteTitle "GM"]
[BlackTitle "IM"]
[WhiteElo "2624"]
[BlackElo "2515"]
[WhiteTeam "Iran"]
[BlackTeam "China"]
[WhiteFideId "12521213"]
[BlackFideId "8611572"]
[EventDate "2021.09.08"]
[EventType "team"]

1. e4 e5 2. Nf3 Nc6 3. Bb5 a6 4. Ba4 g6 5. d4 exd4 6. Nxd4 Bg7 7. Nxc6 dxc6 8.
Qxd8+ Kxd8 9. Bb3 Be6 10. Bxe6 fxe6 11. a4 Nf6 12. f3 Ne8 13. Ke2 Nd6 14. Rd1
Ke7 15. c3 a5 16. Bg5+ Bf6 17. Bxf6+ Kxf6 18. Nd2 e5 19. Nf1 Ke6 20. Ne3 Rhb8
21. Kd3 b5 22. Kc2 b4 23. b3 Ra7 24. Rd3 c5 25. Rad1 c4 26. Rxd6+ cxd6 27. Nxc4
Ra6 28. Rd5 bxc3 29. Rxa5 Rxa5 30. Nxa5 d5 31. exd5+ Kxd5 32. Kxc3 e4 33. fxe4+
Kxe4 34. Kc4 Rc8+ 35. Kb5 Kd5 36. Nc4 Rb8+ 37. Nb6+ Kd6 38. a5 Kc7 39. b4 Kb7
40. Nd7 Re8 41. Nc5+ Ka7 42. Kc6 Rc8+ 43. Kd5 Rd8+ 44. Kc4 Rd2 45. b5 Rxg2 46.
b6+ Ka8 47. a6 Rb2 48. Nd7 g5 49. b7+ Ka7 50. b8=Q+ Rxb8 51. Nxb8 Kxb8 52. Kd5
Ka7 53. Ke5 Kxa6 54. Kf5 g4 55. Kxg4 Kb6 56. Kg5 Kc6 57. Kh6 Kd6 58. Kxh7 Ke5
59. Kg6 Ke6 60. h4 Ke7 61. Kg7 1-0

[Event "Online Olym Top DivA 2021"]
[Site "chess.com INT"]
[Date "2021.09.09"]
[Round "6.2"]
[Board "6"]
[White "Ning, Kaiyu"]
[Black "Zahedifar, Anahita"]
[Result "1-0"]
[WhiteTitle "WIM"]
[BlackTitle "WFM"]
[WhiteElo "2372"]
[BlackElo "2213"]
[WhiteTeam "China"]
[BlackTeam "Iran"]
[WhiteFideId "8614750"]
[BlackFideId "12560715"]
[EventDate "2021.09.08"]
[EventType "team"]

1. d4 d5 2. c4 c6 3. e3 Nf6 4. Nc3 Bg4 5. Qb3 Qb6 6. h3 Be6 7. c5 Qc7 8. Qc2 g6
9. Bd3 Bg7 10. b4 b6 11. Bb2 O-O 12. Nf3 Bc8 13. O-O Ba6 14. Bxa6 Nxa6 15. a3
bxc5 16. bxc5 Nd7 17. Qa4 Qc8 18. Qa5 Nc7 19. Rab1 a6 20. a4 e5 21. Nxe5 Bxe5
22. dxe5 Ne6 23. e4 d4 24. Ne2 d3 25. Nd4 Ndxc5 26. Nxe6 Nxe6 27. f4 Qd8 28. Qd2
Nc5 29. Qe3 Nxa4 30. Ba1 Rb8 31. Rxb8 Qxb8 32. Qxd3 Qb6+ 33. Kh2 Qb5 34. Qf3 Nc5
35. Rd1 Qa4 36. Re1 Qb3 37. Re3 Qb1 38. Bd4 Ne6 39. Bc3 c5 40. f5 Nd4 41. Qg3
Qc1 42. e6 fxe6 43. fxg6 h6 44. g7 Rc8 45. h4 Qf1 46. Bxd4 cxd4 47. Rf3 Qb5 48.
Qd6 Qb7 49. Qxe6+ Kh7 50. g8=Q+ Rxg8 51. Rf7+ Qxf7 52. Qxf7+ Rg7 53. Qf5+ Kg8
54. Qc8+ Kh7 55. Qxa6 Rd7 56. Qe6 Rd8 57. Qe7+ 1-0

[Event "Online Olym Top DivA 2021"]
[Site "chess.com INT"]
[Date "2021.09.09"]
[Round "6.3"]
[Board "1"]
[White "Petriashvili, Nikoloz"]
[Black "Megaranto, Susanto"]
[Result "0-1"]
[WhiteTitle "IM"]
[BlackTitle "GM"]
[WhiteElo "2432"]
[BlackElo "2548"]
[WhiteTeam "Georgia"]
[BlackTeam "Indonesia"]
[WhiteFideId "13611216"]
[BlackFideId "7101384"]
[EventDate "2021.09.08"]
[EventType "team"]

1. d4 Nf6 2. c4 e5 3. dxe5 Ng4 4. Bf4 Bb4+ 5. Nd2 d6 6. a3 dxe5 7. Bg3 Bxd2+ 8.
Qxd2 Qxd2+ 9. Kxd2 Nc6 10. f3 Nh6 11. e4 Be6 12. Kc3 O-O-O 13. Bd3 Rd7 14. Ne2
Rhd8 15. Rhd1 f6 16. Bf2 Nf7 17. Bc2 Rxd1 18. Rxd1 Rxd1 19. Bxd1 a5 20. b4 axb4+
21. axb4 b6 22. Ba4 Kb7 23. Nc1 Nb8 24. c5 Bd7 25. Bb3 Nd8 26. Bd5+ Bc6 27. Bg8
h6 28. Kc4 Bd7 29. Nd3 b5+ 30. Kc3 Be6 31. Bh7 Nbc6 32. f4 Nf7 33. f5 Bc4 34. h4
Bxd3 35. Kxd3 Nxb4+ 36. Kc3 Na6 37. Bg8 Nd8 38. g4 Kc6 39. Bd5+ Kd7 40. Be3 c6
41. Bg8 Ke7 42. g5 hxg5 43. hxg5 Nb7 44. Ba2 Naxc5 45. Bb1 Nd7 46. g6 c5 47. Bd3
Nd6 48. Bc2 Ke8 49. Bd3 Ke7 50. Bc2 c4 51. Kb4 Nb8 52. Kc5 Na6+ 53. Kb6 Nb4 54.
Bb1 c3 55. Bc5 c2 56. Bxc2 Nxc2 57. Kc6 b4 58. Bxd6+ Ke8 59. Kd5 b3 60. Bxe5
fxe5 61. f6 gxf6 62. Ke6 Kf8 0-1

[Event "Online Olym Top DivA 2021"]
[Site "chess.com INT"]
[Date "2021.09.09"]
[Round "6.3"]
[Board "2"]
[White "Ervan, Mohamad"]
[Black "Volkov, Nika"]
[Result "1-0"]
[WhiteTitle "IM"]
[WhiteElo "2356"]
[BlackElo "2105"]
[WhiteTeam "Indonesia"]
[BlackTeam "Georgia"]
[WhiteFideId "7102135"]
[BlackFideId "13604376"]
[EventDate "2021.09.08"]
[EventType "team"]

1. e4 c5 2. Nf3 e6 3. d4 d5 4. exd5 exd5 5. Bb5+ Nc6 6. O-O Nf6 7. Re1+ Be7 8.
dxc5 O-O 9. Nbd2 Bxc5 10. Nb3 Bb6 11. Be3 Bc7 12. h3 a6 13. Bf1 Re8 14. c3 h6
15. Qd3 Ne4 16. Rad1 Be6 17. Nc5 Nxc5 18. Bxc5 Qf6 19. Bd4 Nxd4 20. Nxd4 Bb6 21.
g3 Rad8 22. Bg2 g5 23. Re2 h5 24. Rde1 h4 25. g4 Bc7 26. Nf5 Bb6 27. Nd4 Kg7 28.
Qd2 Bc5 29. Re5 Kh6 30. Nf3 Rg8 31. Nxh4 Bxf2+ 32. Qxf2 Qxf2+ 33. Kxf2 gxh4 34.
Rh5+ Kg7 35. Rd1 f5 36. gxf5 Rgf8 37. Rxh4 Rxf5+ 38. Kg1 b6 39. Rhd4 Rh8 40.
R1d3 Rhh5 41. h4 Re5 42. Kf2 Kf6 43. Rf3+ Ke7 44. Re3 Rxe3 45. Kxe3 Kf6 46. a4
Ke5 47. Rb4 a5 48. Rd4 Rh6 49. Bf3 Bf7 50. Rg4 Be6 51. Rd4 Bf7 52. Kf2 Rf6 53.
Kg3 Rg6+ 54. Bg4 Rh6 55. Bf3 Rg6+ 56. Rg4 Rh6 57. Rg5+ Kd6 58. h5 Rf6 59. Rg7
Be8 60. b3 Rxf3+ 61. Kxf3 Bxh5+ 62. Ke3 Bd1 63. b4 Bxa4 64. bxa5 bxa5 65. Ra7
Kc5 66. Rxa5+ Bb5 67. Ra8 Bc6 68. Rc8 Kd6 69. Kd4 Bd7 70. Rd8 Ke7 71. Rxd7+ Kxd7
72. Kxd5 1-0

[Event "Online Olym Top DivA 2021"]
[Site "chess.com INT"]
[Date "2021.09.09"]
[Round "6.3"]
[Board "3"]
[White "Lomineishvili, Maia"]
[Black "Sukandar, Irine Kharisma"]
[Result "1-0"]
[WhiteTitle "IM"]
[BlackTitle "IM"]
[WhiteElo "2342"]
[BlackElo "2406"]
[WhiteTeam "Georgia"]
[BlackTeam "Indonesia"]
[WhiteFideId "13600656"]
[BlackFideId "7101937"]
[EventDate "2021.09.08"]
[EventType "team"]

1. e4 c5 2. Nf3 e6 3. g3 Nc6 4. Bg2 g6 5. O-O Bg7 6. c3 Nge7 7. d4 cxd4 8. cxd4
d5 9. e5 O-O 10. Nc3 a6 11. Bg5 h6 12. Bf4 b5 13. Qd2 Kh7 14. h4 Bd7 15. Ne2 Rc8
16. Rfc1 Qa5 17. Qd3 Nb4 18. Qb3 Qa4 19. Bd2 Nec6 20. Ne1 Qxb3 21. axb3 f6 22.
f4 fxe5 23. fxe5 h5 24. Rc3 Bh6 25. Bxh6 Kxh6 26. Nf3 Ne7 27. Ng5 Nf5 28. Rac1
Nc6 29. Rd1 Na5 30. Nf4 b4 31. Rxc8 Rxc8 32. Nfxe6 Rc2 33. Rd3 Bb5 34. Rf3 Rc1+
35. Kh2 Be2 36. Rf2 Re1 37. Nf4 Bb5 38. e6 Nxb3 39. Nxd5 Nbxd4 40. Be4 Kg7 41.
e7 a5 42. Nc7 Bd7 43. e8=Q Bxe8 44. Nxe8+ Kf8 45. Nd6 a4 46. Nxf5 gxf5 47. Bxf5
Ke7 48. Bg6 a3 49. bxa3 bxa3 50. Ra2 Re2+ 51. Rxe2+ Nxe2 52. Bf7 Nc3 53. Kg2 a2
54. Bxa2 Nxa2 55. Kf3 Nb4 56. Kf4 Kf6 57. Ne4+ Kg6 58. Nc5 Nd5+ 59. Ke5 Nc3 60.
Nd3 Ne2 61. Nf4+ 1-0

[Event "Online Olym Top DivA 2021"]
[Site "chess.com INT"]
[Date "2021.09.09"]
[Round "6.3"]
[Board "4"]
[White "Aulia, Medina Warda"]
[Black "Kostava, Elene"]
[Result "1/2-1/2"]
[WhiteTitle "IM"]
[WhiteElo "2367"]
[BlackElo "1769"]
[WhiteTeam "Indonesia"]
[BlackTeam "Georgia"]
[WhiteFideId "7101570"]
[BlackFideId "13603280"]
[EventDate "2021.09.08"]
[EventType "team"]

1. e4 c5 2. Nf3 Nc6 3. d4 cxd4 4. Nxd4 Nf6 5. Nc3 d6 6. Be2 e6 7. Be3 Be7 8. O-O
O-O 9. Kh1 a6 10. a4 d5 11. exd5 exd5 12. h3 Be6 13. f4 Ne4 14. Nxe4 dxe4 15.
Nxe6 fxe6 16. Bc4 Kh8 17. Bxe6 Qa5 18. c3 Rf6 19. Bc4 Qc7 20. Ba2 Bd6 21. f5
Raf8 22. Be6 h6 23. Qg4 Nd8 24. Bd5 Nc6 25. Qxe4 Ne7 26. Be6 Nc6 27. Rad1 Rd8
28. b4 Ne5 29. Bd4 Rdf8 30. Rde1 Nc6 31. Bxf6 Rxf6 32. Bd5 Ne5 33. Bxb7 Qxc3 34.
Rc1 Qg3 35. Qf4 Qxf4 36. Rxf4 Nd3 37. Rc8+ Kh7 38. Rd4 Nf2+ 39. Kg1 Bg3 40. Bd5
Rxf5 41. Bg8+ Kg6 42. Rc6+ Kg5 43. Rc5 Nxh3+ 44. gxh3 Bf2+ 45. Kg2 Bxd4 46. Rc4
Rf2+ 47. Kg3 Rd2 48. Kf3 Bf6 49. Be6 h5 50. b5 axb5 51. axb5 Rb2 52. Rc5+ Kh6
53. Bf7 g5 54. Rf5 Bd8 55. Be6 Rb4 56. Rd5 Rf4+ 57. Ke3 Bb6+ 58. Kd3 Rf3+ 59.
Kd2 Rf6 60. Bd7 Bc7 61. Kd3 Rd6 62. Rxd6+ Bxd6 63. b6 Kg7 64. Ke4 Kf6 65. Kd5
Bb8 66. Ke4 g4 67. hxg4 hxg4 68. Bxg4 Ke7 69. Kd5 Kd8 70. Kc6 Bh2 71. Bf5 Bg3
72. Bg4 Bh2 73. Bf5 Bg3 74. Bg4 Bh2 1/2-1/2

[Event "Online Olym Top DivA 2021"]
[Site "chess.com INT"]
[Date "2021.09.09"]
[Round "6.3"]
[Board "5"]
[White "Kacharava, Nikolozi"]
[Black "Arfan, Aditya Bagus"]
[Result "1-0"]
[WhiteTitle "IM"]
[BlackTitle "CM"]
[WhiteElo "2453"]
[BlackElo "2274"]
[WhiteTeam "Georgia"]
[BlackTeam "Indonesia"]
[WhiteFideId "13611860"]
[BlackFideId "7106041"]
[EventDate "2021.09.08"]
[EventType "team"]

1. e4 c6 2. d4 d5 3. e5 c5 4. dxc5 e6 5. Bd3 Nc6 6. Nf3 Bxc5 7. O-O Nge7 8. Bf4
Ng6 9. Bg3 O-O 10. Nbd2 f5 11. exf6 Qxf6 12. Nb3 Bb6 13. Bxg6 Qxg6 14. Nbd4 Nxd4
15. Nxd4 Bd7 16. c3 Rac8 17. Qd2 Qf6 18. Nf3 Be8 19. Bd6 Bh5 20. Bxf8 Rxf8 21.
Qg5 Bxf3 22. Qxf6 Rxf6 23. gxf3 Rxf3 24. a4 Kf7 25. a5 Bc7 26. Kg2 Rf4 27. h3 e5
28. Ra3 Ke6 29. Rd1 g5 30. Rd2 h5 31. Rb3 b6 32. Rb5 bxa5 33. Rbxd5 g4 34. Rd7
gxh3+ 35. Kxh3 Rxf2 36. Rxf2 Kxd7 37. Rf6 Bd6 38. Rh6 Kc6 39. Kg2 Kc5 40. Kf3
Bc7 41. Ke4 h4 42. Rxh4 Kc4 43. Rh2 a4 44. Rg2 Ba5 45. Kxe5 a3 46. bxa3 Bxc3+
47. Kd6 Bd4 48. Kc6 Bb6 49. Rg4+ Kb3 50. a4 Ba5 51. Kb5 Be1 52. Re4 Bc3 53. Re3
Kc2 54. Kc4 Bd2 55. Re2 a5 56. Rxd2+ Kxd2 57. Kb5 Kc3 58. Kxa5 Kb3 59. Kb5 1-0

[Event "Online Olym Top DivA 2021"]
[Site "chess.com INT"]
[Date "2021.09.09"]
[Round "6.3"]
[Board "6"]
[White "Latifah, Laysa"]
[Black "Pipia, Ekaterine"]
[Result "1-0"]
[WhiteElo "1897"]
[BlackElo "1889"]
[WhiteTeam "Indonesia"]
[BlackTeam "Georgia"]
[WhiteFideId "7111541"]
[BlackFideId "13614576"]
[EventDate "2021.09.08"]
[EventType "team"]

1. e4 c5 2. Nf3 d6 3. d4 cxd4 4. Nxd4 Nf6 5. Nc3 g6 6. Be2 Bg7 7. Be3 O-O 8. O-O
Nc6 9. a4 h5 10. h3 Bd7 11. Qd2 Rc8 12. Nb3 Ne5 13. Bxa7 Nc4 14. Bxc4 Rxc4 15.
Qd3 Qc7 16. Bb6 Qc8 17. a5 Nh7 18. Nd5 Re8 19. c3 Ng5 20. Nd2 Rc6 21. f4 Nxh3+
22. gxh3 Bxh3 23. Rf2 Qg4+ 24. Kh2 Qh4 25. Qxh3 1-0

[Event "Online Olym Top DivA 2021"]
[Site "chess.com INT"]
[Date "2021.09.09"]
[Round "6.4"]
[Board "1"]
[White "Deac, Bogdan-Daniel"]
[Black "Batchuluun, Tsegmed"]
[Result "1-0"]
[WhiteTitle "GM"]
[BlackTitle "GM"]
[WhiteElo "2639"]
[BlackElo "2536"]
[WhiteTeam "Romania"]
[BlackTeam "Mongolia"]
[WhiteFideId "1226380"]
[BlackFideId "4900847"]
[EventDate "2021.09.08"]
[EventType "team"]

1. e4 e5 2. Nf3 Nc6 3. Bb5 Nf6 4. d3 Bc5 5. c3 O-O 6. O-O d6 7. h3 h6 8. Re1 Bd7
9. Nbd2 a6 10. Ba4 Ba7 11. Nf1 Re8 12. Ng3 Ne7 13. Bc2 Ng6 14. d4 Be6 15. Be3
Nh7 16. Nf5 Nf6 17. g4 d5 18. dxe5 Nxe4 19. Bxa7 Rxa7 20. Bxe4 dxe4 21. Qxd8
Rxd8 22. Rxe4 Raa8 23. N3d4 Bd5 24. Re3 Re8 25. Rae1 Bxa2 26. b3 c5 27. e6 f6
28. Ra1 cxd4 29. cxd4 Nf4 30. Rxa2 Rxe6 31. Rxe6 Nxe6 32. Re2 Nf4 33. Re7 Nxh3+
34. Kg2 Nf4+ 35. Kf3 g5 36. Nxh6+ Kf8 37. Rxb7 a5 38. Ke4 a4 39. bxa4 Rxa4 40.
Rf7+ Ke8 41. Rxf6 Ra2 42. f3 Ke7 43. Ng8+ Kd7 44. Rb6 Re2+ 45. Kf5 Ne6 46. Nf6+
Ke7 47. Rb7+ Kf8 48. d5 Nd4+ 49. Kg6 1-0

[Event "Online Olym Top DivA 2021"]
[Site "chess.com INT"]
[Date "2021.09.09"]
[Round "6.4"]
[Board "2"]
[White "Agibileg, Uurtsaikh"]
[Black "Miron, Lucian-Costin"]
[Result "1/2-1/2"]
[WhiteTitle "IM"]
[BlackTitle "GM"]
[WhiteElo "2440"]
[BlackElo "2512"]
[WhiteTeam "Mongolia"]
[BlackTeam "Romania"]
[WhiteFideId "4901606"]
[BlackFideId "1210920"]
[EventDate "2021.09.08"]
[EventType "team"]

1. d4 d5 2. c4 c6 3. Nf3 Nf6 4. Nc3 dxc4 5. a4 Bf5 6. Ne5 e6 7. e3 Bb4 8. Bxc4
Nbd7 9. Nd3 Be7 10. O-O O-O 11. a5 c5 12. Qe2 cxd4 13. exd4 Rc8 14. Ne5 a6 15.
Ra4 Nxe5 16. dxe5 Nd7 17. b3 Qc7 18. Bf4 Nc5 19. Ra2 Nxb3 20. Bxb3 Qxc3 21. Qb2
Rfd8 22. h3 h6 23. Bd1 Be4 24. Be2 Bd5 25. Qxc3 Rxc3 26. Raa1 Rdc8 27. Rfb1 Bc5
28. Rb2 Bd4 29. Rd1 Rc2 30. Rxc2 Rxc2 31. Rxd4 Rxe2 32. Be3 Re1+ 33. Kh2 Rb1 34.
Rd2 Rb5 35. Bb6 g5 36. Rc2 Kg7 37. Rc5 Rb3 38. Rc8 Rb2 39. Kg3 h5 40. h4 Rb3+
41. Kh2 gxh4 42. Bd8 h3 43. gxh3 Kg6 44. Rc7 Rf3 45. Rc2 Kf5 46. Re2 Ra3 47. Re1
Ra2 48. Kg1 Ra3 49. Kh2 Ra4 50. Kg3 Ra3+ 51. Kh2 1/2-1/2

[Event "Online Olym Top DivA 2021"]
[Site "chess.com INT"]
[Date "2021.09.09"]
[Round "6.4"]
[Board "3"]
[White "Cosma, Elena-Luminita"]
[Black "Munguntuul, Batkhuyag"]
[Result "0-1"]
[WhiteTitle "WGM"]
[BlackTitle "IM"]
[WhiteElo "2296"]
[BlackElo "2433"]
[WhiteTeam "Romania"]
[BlackTeam "Mongolia"]
[WhiteFideId "1201590"]
[BlackFideId "4900758"]
[EventDate "2021.09.08"]
[EventType "team"]

1. d4 d5 2. c4 c6 3. cxd5 cxd5 4. Bf4 Nc6 5. Nc3 e6 6. e3 Bd6 7. Bxd6 Qxd6 8.
Nf3 Nge7 9. Rc1 O-O 10. Bd3 f6 11. Bc2 Bd7 12. O-O Be8 13. e4 Bh5 14. exd5 exd5
15. Qd3 Bxf3 16. gxf3 f5 17. Bb3 Rf6 18. f4 Kh8 19. Ne2 Rg8 20. Kh1 Rh6 21. Rce1
g5 22. Qg3 g4 23. Qe3 Rh3 24. Qe5+ Nxe5 0-1